| 000 | 02325nam a2200301 a 4500 | ||
|---|---|---|---|
| 001 | 000022390 | ||
| 003 | OSt | ||
| 005 | 20240409073640.0 | ||
| 008 | 101007t1999 dr acd 001 0 spa d | ||
| 020 | _a9768175478 | ||
| 040 |
_aDO-SdBNP _bspa _cBNPHU |
||
| 082 |
_a972.93053 _bC794a, 1999 |
||
| 100 | 1 |
_aCordero Michel, José R., _d1931-1959 _946170 |
|
| 245 | 1 | 0 |
_aAnálisis de la Era de Trujillo : _binforme sobre la República Dominicana, 1959 / _cJosé R. Cordero Michel ; presentación Roberto Cassá. |
| 250 | _a7ª ed. | ||
| 260 |
_aSanto Domingo : _bEdiciones Librería La Trinitaria, _c1999. _fBúho |
||
| 300 |
_a135 p. : _bil., gráfcs., retr. ; _c22 cm. |
||
| 500 | _aIncluye datos biográficos del autor en la solapa. | ||
| 500 | _aIncluye referencias bibliográficas y notas al pie de las páginas. | ||
| 504 | _aBibliografía : p. 131-135. | ||
| 505 | 0 |
_gPresentación / _rRoberto Cassá -- _gSituación Política : _tInstituciones políticas -- _tBases económicas y sociales del régimen -- _tAlgunos métodos y técnicas de gobierno -- _tEl terror y la vigilancia policíaca -- _tLa propaganda política -- _tEncuadramiento político -- _tSindicatos -- _tOrganizaciones juveniles -- _tOrganizaciones religiosas -- _tActualidad política y situación internacional -- _gSituación Económica : _tLa agricultura -- _tRégimen agrario -- _tProducción agrícola -- _tCapitalización agrícola -- _tCondición del campesinado -- _tIndustria y manufacturas -- _tEl mercado nacional -- _tFormación de capital productivo -- _tInstituciones de desarrollo económico -- _tCondición del proletariado -- _tComercio exterior -- _tFinanzas del Estado -- _tSistema Bancario -- _gSituación Cultural : _tEstructura del sistema de enseñanza -- _tEducación primaria -- _tEducación Secundaria -- _tEducación Superior -- _tEducación Vocacional -- _tEducación de maestros -- _tEducación Fundamental -- _tOrientación de la Enseñanza -- _tLa situación del intelectual. _gConclusiones -- _gBibliografía. |
|
| 590 | _aInventariado, 2020/BT | ||
| 650 | 4 |
_aEducación _zRepública Dominicana _xHistoria _yERA DE TRUJILLO, 1930-1961 _946171 |
|
| 651 | 4 |
_aRepública Dominicana _xPolítica Y Gobierno _yERA DE TRUJILLO, 1930-1961 _91374 |
|
| 700 | 1 |
_aCassá, Roberto, _d1948- _910888 |
|
| 910 | _aValidado. Control de calidad EMS. | ||
| 942 |
_2ddc _cLBS1 |
||
| 999 |
_c21888 _d21888 |
||